[Event "Budapest FS03 IM"]
[Site "Budapest"]
[Date "2024.03.09"]
[Round "7"]
[White "Leszko, Bence"]
[Black "Szeberenyi, Adam"]
[Result "1/2-1/2"]
[WhiteElo "2260"]
[BlackElo "2260"]
[PlyCount "61"]
[EventDate "2024.03.02"]
[EventType "tourn"]
[EventRounds "9"]
[EventCountry "HUN"]
[SourceTitle "CB12_2024"]
[SourceDate "2023.10.01"]
[SourceVersion "1"]
[SourceVersionDate "2023.10.01"]
[SourceQuality "1"]

1. e4 e5 2. Nc3 Nf6 3. f4 d5 4. fxe5 Nxe4 5. Qf3 Nxc3 6. bxc3 Qh4+ 7. g3 Qe4+ 8. Qxe4 dxe4 9. d4 exd3 10. cxd3 Bd7 11. Bg2 Bc6 12. Nf3 Nd7 13. 0-0 Be7 14. d4 0-0 15. Bf4 Bd5 16. Nd2 Bxg2 17. Kxg2 c5 18. Rab1 Nb6 19. Ne4 cxd4 20. cxd4 Rac8 21. a4 Rc4 22. a5 Nd5 23. Rxb7 Rxd4 24. Re1 Bb4 25. Re2 Bxa5 26. Rxa7 Bc7 27. Kf3 h6 28. h4 Rd3+ 29. Kg2 Rd4 30. Kf3 Rd3+ 31. Kg2 1/2-1/2

[Event "Budapest One Week IM-A 02"]
[Site "Budapest"]
[Date "2024.02.28"]
[Round "4"]
[White "Szeberenyi, Adam"]
[Black "Fodor, Balazs"]
[Result "1/2-1/2"]
[WhiteElo "2259"]
[BlackElo "2253"]
[PlyCount "51"]
[EventDate "2024.02.26"]
[EventType "tourn"]
[EventRounds "9"]
[EventCountry "HUN"]
[EventCategory "1"]
[SourceTitle "CB11_2024"]
[SourceDate "2024.03.13"]
[SourceVersion "1"]
[SourceVersionDate "2024.03.13"]
[SourceQuality "1"]

1. d4 Nf6 2. Nf3 g6 3. g3 Bg7 4. Bg2 0-0 5. 0-0 d6 6. a4 Nbd7 7. Nc3 a5 8. e4 e5 9. Re1 h6 10. h3 exd4 11. Nxd4 Nc5 12. Ndb5 Nfd7 13. Be3 Kh7 14. Bd4 Ne6 15. Bxg7 Kxg7 16. Kh2 h5 17. Qd2 h4 18. g4 g5 19. Nd4 Nxd4 20. Qxd4+ Ne5 21. Nd5 f6 22. f4 c6 23. fxe5 fxe5 24. Qb6 cxd5 25. Qxd8 Rxd8 26. exd5 1/2-1/2

[Event "Budapest One Week IM-A 02"]
[Site "Budapest"]
[Date "2024.02.27"]
[Round "3"]
[White "Foldes, Marton Gabor"]
[Black "Szeberenyi, Adam"]
[Result "0-1"]
[WhiteElo "2119"]
[BlackElo "2259"]
[PlyCount "92"]
[EventDate "2024.02.26"]
[EventType "tourn"]
[EventRounds "9"]
[EventCountry "HUN"]
[EventCategory "1"]
[SourceTitle "CB11_2024"]
[SourceDate "2024.03.13"]
[SourceVersion "1"]
[SourceVersionDate "2024.03.13"]
[SourceQuality "1"]

1. e4 g6 2. d4 Bg7 3. Nc3 d6 4. h4 Nf6 5. Be2 h5 6. Nf3 0-0 7. 0-0 c6 8. a4 Na6 9. Bg5 Nb4 10. a5 Qc7 11. Ne1 c5 12. Nb5 Qd7 13. c3 Nc6 14. f3 a6 15. Na3 Nxa5 16. d5 b5 17. b4 cxb4 18. cxb4 Nc4 19. Nxc4 bxc4 20. Bxc4 Qc7 21. Qb3 Nxe4 22. Rc1 Bd4+ 23. Kh2 Be5+ 24. Kg1 Nxg5 25. hxg5 Qb6+ 26. Kh1 Qd4 27. f4 Bxf4 28. Nf3 Qa7 29. Rce1 Bg4 30. Re4 Bxf3 31. Rxf4 Bg4 32. Qd3 Bf5 33. Qf3 Rac8 34. Be2 e6 35. Qg3 Rc2 36. Bd1 Rc1 37. Qa3 Rfc8 38. dxe6 Bxe6 39. b5 R8c4 40. Qxd6 Rxf4 41. Qxf4 Rc4 42. Qg3 axb5 43. Be2 Re4 44. Bxb5 Rg4 45. Qe1 Qb7 46. Qe2 Rxg2 0-1

[Event "Budapest One Week IM-A 02"]
[Site "Budapest"]
[Date "2024.02.27"]
[Round "2"]
[White "Szeberenyi, Adam"]
[Black "Dudognon, Thibault"]
[Result "0-1"]
[WhiteElo "2259"]
[BlackElo "2383"]
[PlyCount "54"]
[EventDate "2024.02.26"]
[EventType "tourn"]
[EventRounds "9"]
[EventCountry "HUN"]
[EventCategory "1"]
[SourceTitle "CB11_2024"]
[SourceDate "2024.03.13"]
[SourceVersion "1"]
[SourceVersionDate "2024.03.13"]
[SourceQuality "1"]

1. d4 d5 2. c4 dxc4 3. e3 e5 4. Bxc4 Nc6 5. Nf3 e4 6. Nfd2 Qg5 7. g3 Qg6 8. Nc3 Nf6 9. Bb5 Bd7 10. Nc4 Bd6 11. Qb3 Qf5 12. Bd2 0-0 13. 0-0-0 a6 14. Nxd6 cxd6 15. Be2 b5 16. g4 Nxg4 17. Bxg4 Qxg4 18. Qd5 Nb4 19. Qxd6 Nd3+ 20. Kb1 b4 21. Rhg1 bxc3 22. Bxc3 Qf5 23. Qh6 g6 24. Rg3 Rac8 25. Rdg1 Rxc3 26. Rg5 Rc1+ 27. Rxc1 Qxf2 0-1

[Event "Budapest One Week IM-A 02"]
[Site "Budapest"]
[Date "2024.02.26"]
[Round "1"]
[White "Hoolt, Sarah"]
[Black "Szeberenyi, Adam"]
[Result "1-0"]
[WhiteElo "2281"]
[BlackElo "2259"]
[PlyCount "75"]
[EventDate "2024.02.26"]
[EventType "tourn"]
[EventRounds "9"]
[EventCountry "HUN"]
[EventCategory "1"]
[SourceTitle "CB11_2024"]
[SourceDate "2024.03.13"]
[SourceVersion "1"]
[SourceVersionDate "2024.03.13"]
[SourceQuality "1"]

1. e4 c5 2. Nf3 e6 3. d4 cxd4 4. Nxd4 Nf6 5. Nc3 Nc6 6. a3 d5 7. exd5 exd5 8. Bb5 Bd7 9. 0-0 Be7 10. Re1 0-0 11. Bg5 Re8 12. Qd3 Ng4 13. Bxe7 Rxe7 14. Nxd5 Rxe1+ 15. Rxe1 Nce5 16. Qb3 Bc6 17. Nxc6 bxc6 18. h3 Rb8 19. hxg4 Rxb5 20. Nb4 Qd2 21. Qe3 Qxe3 22. Rxe3 f6 23. b3 a5 24. Nd3 Nxg4 25. Re4 Ne5 26. Nxe5 Rxe5 27. Rxe5 fxe5 28. b4 a4 29. f3 Kf7 30. Kf2 Ke6 31. c4 h5 32. Ke3 h4 33. Ke4 g5 34. b5 cxb5 35. cxb5 Kd6 36. b6 Kc6 37. Kxe5 Kxb6 38. Ke4 1-0

[Event "HUN-chT 2324"]
[Site "Hungary"]
[Date "2023.12.10"]
[Round "3.8"]
[White "Szeberenyi, Adam"]
[Black "Popovics, Adam"]
[Result "1/2-1/2"]
[WhiteElo "2308"]
[BlackElo "2373"]
[PlyCount "72"]
[EventDate "2023.10.28"]
[EventType "team-tourn"]
[EventRounds "9"]
[EventCountry "HUN"]
[SourceTitle "CB16_2024"]
[SourceDate "2024.04.17"]
[SourceVersion "1"]
[SourceVersionDate "2024.04.17"]
[SourceQuality "1"]
[WhiteTeam "Biatorbagy"]
[BlackTeam "Dunaharaszti"]
[WhiteTeamCountry "HUN"]
[BlackTeamCountry "HUN"]

1. d4 Nf6 2. c4 g6 3. Nc3 Bg7 4. e4 d6 5. Be2 0-0 6. Nf3 e5 7. 0-0 exd4 8. Nxd4 Re8 9. f3 Nc6 10. Be3 Nh5 11. Qd2 Nf4 12. Nxc6 Nxe2+ 13. Nxe2 bxc6 14. Bd4 c5 15. Bxg7 Kxg7 16. Nf4 Bb7 17. Rad1 Qf6 18. Rf2 Bc6 19. Nd5 Bxd5 20. Qxd5 Rab8 21. Rdd2 Rb6 22. Rfe2 a5 23. e5 Rxe5 24. Rxe5 Qxe5 25. Qxe5+ dxe5 26. Rd5 Rxb2 27. Rxe5 Rxa2 28. Rxc5 a4 29. Rxc7 Rc2 30. h3 h5 31. c5 a3 32. Ra7 a2 33. Kh2 Kf6 34. c6 Ke6 35. c7 Kd7 36. h4 Kc8 1/2-1/2

[Event "Budapest SixDays 11 IM"]
[Site "Budapest"]
[Date "2023.12.02"]
[Round "9"]
[White "Szeberenyi, Adam"]
[Black "Dhruva, Thota"]
[Result "0-1"]
[WhiteElo "2307"]
[BlackElo "2192"]
[PlyCount "80"]
[EventDate "2023.11.27"]
[EventType "tourn"]
[EventRounds "9"]
[EventCountry "HUN"]
[SourceTitle "CB49_2023"]
[SourceDate "2023.12.06"]
[SourceVersion "1"]
[SourceVersionDate "2023.12.06"]
[SourceQuality "1"]

1. d4 Nf6 2. c4 g6 3. Nc3 Bg7 4. e4 d6 5. Be2 0-0 6. Nf3 Nbd7 7. 0-0 e5 8. Qc2 c6 9. d5 c5 10. Bg5 h6 11. Bd2 Nh7 12. Qc1 h5 13. Kh1 f5 14. exf5 gxf5 15. Ng5 Ndf6 16. h3 Qe7 17. Nxh7 Nxh7 18. f4 h4 19. Qe1 e4 20. Be3 Bd7 21. Rg1 Kh8 22. g4 hxg3 23. Qxg3 Rg8 24. Qf2 a6 25. a4 Bxc3 26. bxc3 Rxg1+ 27. Qxg1 Qh4 28. Kh2 Rg8 29. Qf2 Qh6 30. Rb1 Nf6 31. Rxb7 Bc8 32. Rf7 Rg6 33. Rc7 Bd7 34. Qf1 Rg7 35. Ra7 Ng4+ 36. Bxg4 fxg4 37. Qg2 Qh5 38. Ra8+ Kh7 39. Ra7 g3+ 40. Kg1 Qd1+ 0-1

[Event "Budapest SixDays 11 IM"]
[Site "Budapest"]
[Date "2023.11.28"]
[Round "3"]
[White "Szeberenyi, Adam"]
[Black "Ojas, Kulkarni"]
[Result "1/2-1/2"]
[WhiteElo "2307"]
[BlackElo "2248"]
[PlyCount "30"]
[EventDate "2023.11.27"]
[EventType "tourn"]
[EventRounds "9"]
[EventCountry "HUN"]
[SourceTitle "CB49_2023"]
[SourceDate "2023.12.06"]
[SourceVersion "1"]
[SourceVersionDate "2023.12.06"]
[SourceQuality "1"]

1. d4 Nf6 2. c4 e6 3. Nf3 d5 4. Nc3 dxc4 5. e4 Bb4 6. Bxc4 Nxe4 7. 0-0 Nf6 8. Qa4+ Nc6 9. Ne5 a5 10. Nxc6 bxc6 11. Qxc6+ Bd7 12. Qf3 0-0 13. Bg5 a4 14. Ne4 Be7 15. Nxf6+ Bxf6 1/2-1/2

[Event "Budapest FS10 IM"]
[Site "Budapest"]
[Date "2023.10.16"]
[Round "8"]
[White "Szeberenyi, Adam"]
[Black "Varga, Csaba Zoltan"]
[Result "1/2-1/2"]
[WhiteElo "2308"]
[BlackElo "2235"]
[PlyCount "156"]
[EventDate "2023.10.07"]
[EventType "tourn"]
[EventRounds "9"]
[EventCountry "HUN"]
[EventCategory "2"]
[SourceTitle "Mega2024 Update 01"]
[Source "Chessbase"]
[SourceDate "2023.11.12"]
[SourceVersion "1"]
[SourceVersionDate "2023.11.12"]
[SourceQuality "1"]

1. d4 d5 2. Nc3 Bf5 3. Bf4 e6 4. e3 a6 5. g4 Bg6 6. h4 h5 7. g5 c5 8. Bd3 cxd4 9. Bxg6 dxc3 10. Bxh5 cxb2 11. Rb1 g6 12. Bg4 Bg7 13. Ne2 Qa5+ 14. c3 Qxa2 15. Qc2 b5 16. Rxb2 Qa3 17. Rh3 e5 18. Bh2 e4 19. Nd4 Ne7 20. h5 gxh5 21. Bxh5 0-0 22. f3 Rc8 23. Rb3 Qa1+ 24. Kf2 Nbc6 25. Ne2 Qa4 26. Qb1 Rd8 27. Rh4 Ng6 28. Bxg6 fxg6 29. fxe4 Qc4 30. Nd4 Rf8+ 31. Kg1 Nxd4 32. cxd4 dxe4 33. Rxe4 Qe2 34. Rb2 Rf1+ 35. Qxf1 Qxb2 36. Bd6 Rc8 37. Bc5 Qa2 38. Re7 Qd5 39. Kh2 Bf8 40. Qh3 Bxe7 41. Qxc8+ Kf7 42. Bxe7 Kxe7 43. Qc7+ Ke6 44. Qc8+ Qd7 45. Qg8+ Kf5 46. d5 Kxg5 47. e4 Qd6+ 48. Kh3 Qe7 49. Qh8 Kf4 50. Qd4 Qe5 51. Qd3 Qh8+ 52. Kg2 Qb2+ 53. Kf1 Qf6 54. Ke2 Qd6 55. Qe3+ Kg4 56. Qd4 Qh2+ 57. Kd1 Qh1+ 58. Kc2 Qh2+ 59. Kb1 Qh1+ 60. Kc2 Qg2+ 61. Kb1 Qf1+ 62. Kc2 Qg2+ 63. Kb3 Qg3+ 64. Kb4 Qe1+ 65. Kc5 Qc1+ 66. Kb6 Qc4 67. Qd1+ Kf4 68. d6 b4 69. d7 Qb5+ 70. Ka7 Qc5+ 71. Kxa6 Qc6+ 72. Ka5 Qc5+ 73. Ka4 Qc6+ 74. Kxb4 Qb6+ 75. Ka3 Qa5+ 76. Qa4 Qc3+ 77. Ka2 Qd2+ 78. Kb3 Qd1+ 1/2-1/2

[Event "Budapest FS10 IM"]
[Site "Budapest"]
[Date "2023.10.11"]
[Round "5"]
[White "Balint, Vilmos"]
[Black "Szeberenyi, Adam"]
[Result "1/2-1/2"]
[WhiteElo "2183"]
[BlackElo "2308"]
[PlyCount "50"]
[EventDate "2023.10.07"]
[EventType "tourn"]
[EventRounds "9"]
[EventCountry "HUN"]
[EventCategory "2"]
[SourceTitle "Mega2024 Update 01"]
[Source "Chessbase"]
[SourceDate "2023.11.12"]
[SourceVersion "1"]
[SourceVersionDate "2023.11.12"]
[SourceQuality "1"]

1. f4 d5 2. Nf3 Nf6 3. d3 g6 4. g3 Bg7 5. Bg2 0-0 6. 0-0 b6 7. e4 dxe4 8. dxe4 Nxe4 9. Ng5 Bd4+ 10. Kh1 Nxg5 11. Bxa8 Bh3 12. fxg5 c6 13. Nc3 Bxf1 14. Qxf1 Bxc3 15. bxc3 Qd5+ 16. Qg2 Qd1+ 17. Qg1 Qf3+ 18. Qg2 Qd1+ 19. Qg1 Qf3+ 20. Qg2 Qxc3 21. Rb1 Qe1+ 22. Qg1 Qe4+ 23. Qg2 Qe1+ 24. Qg1 Qe4+ 25. Qg2 Qe1+ 1/2-1/2

[Event "Budapest SixDays 09 IM-B"]
[Site "Budapest"]
[Date "2023.09.22"]
[Round "7"]
[White "Szeberenyi, Adam"]
[Black "Szabo, Abel"]
[Result "1/2-1/2"]
[WhiteElo "2306"]
[BlackElo "2223"]
[PlyCount "31"]
[EventDate "2023.09.18"]
[EventType "tourn"]
[EventRounds "9"]
[EventCountry "HUN"]
[SourceTitle "EXT 2024"]
[Source "ChessBase"]
[SourceDate "2023.10.10"]
[SourceVersion "1"]
[SourceVersionDate "2023.10.10"]
[SourceQuality "1"]

1. d4 Nf6 2. c4 e6 3. Nf3 d5 4. Nc3 Bb4 5. cxd5 exd5 6. Bg5 c6 7. Qb3 Be7 8. e3 0-0 9. Bd3 Re8 10. 0-0 Nbd7 11. h3 Nf8 12. Ne5 N6d7 13. Bf4 Nxe5 14. Bxe5 Bd6 15. Bxd6 Qxd6 16. Rac1 1/2-1/2

[Event "Budapest SixDays 09 IM-B"]
[Site "Budapest"]
[Date "2023.09.21"]
[Round "6"]
[White "Kozusek, Daniel"]
[Black "Szeberenyi, Adam"]
[Result "0-1"]
[WhiteElo "2365"]
[BlackElo "2306"]
[PlyCount "72"]
[EventDate "2023.09.18"]
[EventType "tourn"]
[EventRounds "9"]
[EventCountry "HUN"]
[SourceTitle "EXT 2024"]
[Source "ChessBase"]
[SourceDate "2023.10.10"]
[SourceVersion "1"]
[SourceVersionDate "2023.10.10"]
[SourceQuality "1"]

1. d4 Nf6 2. Bg5 d5 3. e3 e6 4. Nd2 c5 5. c3 Nc6 6. Ngf3 Qb6 7. Rb1 Nd7 8. Bd3 Be7 9. Bxe7 Nxe7 10. 0-0 0-0 11. Qe2 Ng6 12. b4 cxd4 13. cxd4 Qd6 14. Ng5 e5 15. dxe5 Ndxe5 16. Bc2 Bg4 17. f3 Rac8 18. Nb3 Bd7 19. f4 Ng4 20. Bxg6 Qxg6 21. h3 Rc2 22. Qe1 Nf6 23. Rf2 Rxf2 24. Kxf2 Qc2+ 25. Kg1 Re8 26. Nf3 Rxe3 27. Qxe3 Qxb1+ 28. Kh2 Qe4 29. Qd2 b6 30. Ne5 Bb5 31. Nd4 Bf1 32. Ndf3 Nh5 33. Kg1 Bc4 34. Nxc4 Qxc4 35. Nd4 Ng3 36. Nf3 Qf1+ 0-1

[Event "Budapest One Week IM"]
[Site "Budapest"]
[Date "2023.08.23"]
[Round "3"]
[White "Adarsh, Tripathi"]
[Black "Szeberenyi, Adam"]
[Result "1/2-1/2"]
[WhiteElo "2286"]
[BlackElo "2305"]
[PlyCount "67"]
[EventDate "2023.08.21"]
[EventType "tourn"]
[EventRounds "9"]
[EventCountry "HUN"]
[SourceTitle "CBM 215 Extra"]
[Source "ChessBase"]
[SourceDate "2023.09.30"]
[SourceVersion "1"]
[SourceVersionDate "2023.09.30"]
[SourceQuality "1"]

1. e4 c5 2. Nc3 Nc6 3. Nge2 e6 4. d4 cxd4 5. Nxd4 Nf6 6. Nb3 a6 7. Bd3 Qc7 8. 0-0 Be7 9. f4 d6 10. Kh1 b5 11. Be3 Bb7 12. Qe1 h5 13. a4 b4 14. Ne2 h4 15. h3 e5 16. a5 d5 17. Bb6 Qd7 18. exd5 Qxd5 19. fxe5 Nxe5 20. Nf4 Nxd3 21. Nxd5 Nxe1 22. Nxf6+ Bxf6 23. Raxe1+ Kf8 24. Bc5+ Kg8 25. Bxb4 Rh5 26. c3 Rg5 27. Re2 Rd8 28. Nc5 Bc6 29. Rfe1 Bb5 30. Ne4 Bxe2 31. Nxg5 Bxg5 32. Rxe2 Rd1+ 33. Kh2 Bf4+ 34. g3 1/2-1/2

[Event "Budapest One Week IM"]
[Site "Budapest"]
[Date "2023.08.21"]
[Round "1"]
[White "Szeberenyi, Adam"]
[Black "Flasik, Radoslav"]
[Result "1-0"]
[WhiteElo "2305"]
[BlackElo "2089"]
[PlyCount "85"]
[EventDate "2023.08.21"]
[EventType "tourn"]
[EventRounds "9"]
[EventCountry "HUN"]
[SourceTitle "CBM 215 Extra"]
[Source "ChessBase"]
[SourceDate "2023.09.30"]
[SourceVersion "1"]
[SourceVersionDate "2023.09.30"]
[SourceQuality "1"]

1. d4 d5 2. c4 e6 3. Nc3 Nf6 4. cxd5 exd5 5. Bg5 c6 6. e3 Be7 7. Bd3 0-0 8. Nf3 Nbd7 9. Qc2 Re8 10. 0-0 Nf8 11. h3 g6 12. Ne5 Ne6 13. Bh6 Ng7 14. Bxg7 Kxg7 15. f4 c5 16. Qf2 Bd6 17. Rad1 Bd7 18. Nxd7 Nxd7 19. Nxd5 cxd4 20. exd4 Nf6 21. Nc3 Bc7 22. Kh1 a6 23. Qf3 Qd6 24. Be4 Nh5 25. g3 Rab8 26. Kg2 b5 27. Nd5 Bd8 28. Rf2 f5 29. Bc2 Nf6 30. Nxf6 Bxf6 31. g4 Bh4 32. Rfd2 fxg4 33. hxg4 Rf8 34. f5 Rbe8 35. Be4 Kh8 36. Rh1 Rxe4 37. Qxe4 Qg3+ 38. Kf1 gxf5 39. Qe5+ Qxe5 40. dxe5 fxg4+ 41. Kg2 Bg5 42. Rd7 h6 43. Rf1 1-0

[Event "Budapest SixDays 08 IM"]
[Site "Budapest"]
[Date "2023.08.05"]
[Round "9"]
[White "Szeberenyi, Adam"]
[Black "Altschuler, Jason"]
[Result "1/2-1/2"]
[WhiteElo "2305"]
[BlackElo "2239"]
[PlyCount "130"]
[EventDate "2023.07.31"]
[EventType "tourn"]
[EventRounds "9"]
[EventCountry "HUN"]
[SourceTitle "CBM 215 Extra"]
[Source "ChessBase"]
[SourceDate "2023.09.30"]
[SourceVersion "1"]
[SourceVersionDate "2023.09.30"]
[SourceQuality "1"]

1. d4 Nf6 2. c4 d6 3. Nf3 Nbd7 4. Nc3 e5 5. e4 Be7 6. Be2 0-0 7. 0-0 c6 8. b4 exd4 9. Nxd4 a5 10. b5 Qc7 11. Bf4 Nc5 12. Qc2 Re8 13. Nb3 Nfd7 14. Rfd1 a4 15. Nd4 Ne5 16. Rab1 Ng6 17. Be3 Bf6 18. Nf5 Bxf5 19. exf5 Ne5 20. Bxc5 dxc5 21. Nxa4 Nd7 22. Rxd7 Qxd7 23. Nb6 Qd6 24. Nxa8 Rxa8 25. bxc6 bxc6 26. Qe4 g6 27. a4 Kg7 28. Rb7 Rxa4 29. Qe8 Ra1+ 30. Bf1 Qf8 31. Qxc6 Bd4 32. Rb3 Qe7 33. Rf3 Ra2 34. g3 Qe1 35. f6+ Kh6 36. Qc8 Bxf2+ 37. Kg2 Bxg3+ 38. Kg1 Bxh2+ 39. Kh1 Qe4 40. Qf8+ Kh5 41. Bg2 Rxg2 42. Kxg2 Qg4+ 43. Kxh2 Qxf3 44. Qxf7 Qf2+ 45. Kh1 Qf1+ 46. Kh2 Qf4+ 47. Kh1 Qe4+ 48. Kh2 Kg5 49. Qe7 Qf4+ 50. Kh1 Qf1+ 51. Kh2 Qf2+ 52. Kh1 Qf1+ 53. Kh2 Qxf6 54. Qxc5+ Kg4 55. Qg1+ Kh5 56. Qd1+ Kh6 57. Qd2+ g5 58. Qd5 Qf4+ 59. Kg2 Qg4+ 60. Kh2 Qe2+ 61. Kg3 Qe3+ 62. Kg2 Qe2+ 63. Kg3 Qe3+ 64. Kg2 Kg6 65. Qg8+ Kh6 1/2-1/2

[Event "Budapest SixDays 08 IM"]
[Site "Budapest"]
[Date "2023.08.02"]
[Round "5"]
[White "Baski, Barnabas"]
[Black "Szeberenyi, Adam"]
[Result "1/2-1/2"]
[WhiteElo "2196"]
[BlackElo "2305"]
[PlyCount "90"]
[EventDate "2023.07.31"]
[EventType "tourn"]
[EventRounds "9"]
[EventCountry "HUN"]
[SourceTitle "CBM 215 Extra"]
[Source "ChessBase"]
[SourceDate "2023.09.30"]
[SourceVersion "1"]
[SourceVersionDate "2023.09.30"]
[SourceQuality "1"]

1. d4 Nf6 2. Bf4 e6 3. e3 b6 4. Qf3 Nc6 5. Nc3 Bb7 6. 0-0-0 Na5 7. e4 Bb4 8. Nge2 d5 9. e5 Ne4 10. Nxe4 dxe4 11. Qg4 Qd7 12. a3 Be7 13. Nc3 0-0-0 14. Bb5 Bc6 15. Ba6+ Kb8 16. Qe2 g5 17. Bg3 h5 18. h4 Rdg8 19. b4 Nb7 20. hxg5 Bxg5+ 21. Kb2 h4 22. Bh2 e3 23. fxe3 h3 24. gxh3 Bxh1 25. Rxh1 Nd8 26. Qf3 Qc6 27. e4 Bd2 28. Nb5 Qc4 29. Rd1 Bxb4 30. axb4 Qxb4+ 31. Qb3 Qxb3+ 32. cxb3 Rg2+ 33. Ka3 Rxh2 34. Rc1 c6 35. d5 c5 36. Rd1 exd5 37. Rxd5 Nc6 38. Rd7 Nb4 39. Rb7+ Kc8 40. Nd6+ Kd8 41. Ka4 Nxa6 42. Nxf7+ Kc8 43. Nd6+ Kd8 44. Nf7+ Kc8 45. Nd6+ Kd8 1/2-1/2

[Event "Budapest SixDays 08 IM"]
[Site "Budapest"]
[Date "2023.08.01"]
[Round "3"]
[White "Aditya, Varun Gampa"]
[Black "Szeberenyi, Adam"]
[Result "1/2-1/2"]
[WhiteElo "2299"]
[BlackElo "2305"]
[PlyCount "45"]
[EventDate "2023.07.31"]
[EventType "tourn"]
[EventRounds "9"]
[EventCountry "HUN"]
[SourceTitle "CBM 215 Extra"]
[Source "ChessBase"]
[SourceDate "2023.09.30"]
[SourceVersion "1"]
[SourceVersionDate "2023.09.30"]
[SourceQuality "1"]

1. d4 d5 2. Nc3 Nf6 3. Bf4 a6 4. e3 b5 5. h4 h6 6. Nf3 e6 7. Ne5 Bb7 8. Qf3 c5 9. g4 Nc6 10. dxc5 Nxe5 11. Bxe5 Nd7 12. Bf4 Bxc5 13. 0-0-0 Qa5 14. Kb1 b4 15. Ne2 Qb6 16. Bg2 a5 17. g5 h5 18. g6 f6 19. Ng3 b3 20. Nxh5 bxc2+ 21. Kxc2 Bf8 22. Kb1 Nc5 23. Qg4 1/2-1/2

[Event "Balatonlelle Rigo Memorial IM 2nd"]
[Site "Balatonlelle"]
[Date "2023.06.21"]
[Round "8"]
[White "Doraszelski, Alexander"]
[Black "Szeberenyi, Adam"]
[Result "1/2-1/2"]
[WhiteElo "2132"]
[BlackElo "2318"]
[PlyCount "50"]
[EventDate "2023.06.14"]
[EventType "tourn"]
[EventRounds "9"]
[EventCountry "HUN"]
[EventCategory "1"]
[SourceTitle "CBM 214 Extra"]
[Source "ChessBase"]
[SourceDate "2023.07.31"]
[SourceVersion "1"]
[SourceVersionDate "2023.07.31"]
[SourceQuality "1"]

1. e4 c5 2. Nc3 Nc6 3. Bb5 Nd4 4. Nf3 a6 5. Bd3 g6 6. Nxd4 cxd4 7. Ne2 d5 8. c3 dxe4 9. Bxe4 dxc3 10. Qa4+ Bd7 11. Qd4 Nf6 12. dxc3 Qc8 13. Bf3 Bc6 14. Bxc6+ Qxc6 15. 0-0 Rd8 16. Qb4 Bg7 17. Nd4 Qd7 18. Nb3 Nd5 19. Qh4 0-0 20. Bg5 Bf6 21. Bxf6 Nxf6 22. Rfe1 Rfe8 23. h3 Qc7 24. Rad1 Rxd1 25. Rxd1 Rd8 1/2-1/2

[Event "Balatonlelle Rigo Memorial IM 2nd"]
[Site "Balatonlelle"]
[Date "2023.06.16"]
[Round "3"]
[White "Colijn, Stefan"]
[Black "Szeberenyi, Adam"]
[Result "1-0"]
[WhiteElo "2277"]
[BlackElo "2318"]
[PlyCount "49"]
[EventDate "2023.06.14"]
[EventType "tourn"]
[EventRounds "9"]
[EventCountry "HUN"]
[EventCategory "1"]
[SourceTitle "CBM 214 Extra"]
[Source "ChessBase"]
[SourceDate "2023.07.31"]
[SourceVersion "1"]
[SourceVersionDate "2023.07.31"]
[SourceQuality "1"]

1. d4 Nf6 2. Nf3 e6 3. Bf4 d5 4. e3 c5 5. Nbd2 Nc6 6. c3 Bd6 7. Bg3 Qe7 8. Ne5 h5 9. h3 h4 10. Bh2 Bd7 11. Bd3 g5 12. Qf3 Bxe5 13. dxe5 Nh5 14. e4 0-0-0 15. 0-0-0 c4 16. Bc2 Qc5 17. exd5 exd5 18. Qxf7 Rdf8 19. Ne4 Rxf7 20. Nxc5 Rxf2 21. Nxd7 Kxd7 22. Rxd5+ Ke7 23. Rhd1 Rd8 24. Rxd8 Nxd8 25. Bg1 1-0

[Event "Budapest SixDays 05 IM"]
[Site "Budapest"]
[Date "2023.06.01"]
[Round "9"]
[White "Tancsa, Tamas"]
[Black "Szeberenyi, Adam"]
[Result "1/2-1/2"]
[WhiteElo "2189"]
[BlackElo "2338"]
[PlyCount "25"]
[EventDate "2023.05.27"]
[EventType "tourn"]
[EventRounds "9"]
[EventCountry "HUN"]
[SourceTitle "CBM 214 Extra"]
[Source "ChessBase"]
[SourceDate "2023.07.31"]
[SourceVersion "1"]
[SourceVersionDate "2023.07.31"]
[SourceQuality "1"]

1. e4 c5 2. Nf3 e6 3. d4 cxd4 4. Nxd4 Nf6 5. Nc3 Nc6 6. Ndb5 Bc5 7. Bf4 0-0 8. Bc7 Qe7 9. Bd6 Bxd6 10. Qxd6 Qd8 11. Qg3 a6 12. Nd6 Ne8 13. Bd3 1/2-1/2

[Event "Budapest SixDays 05 IM"]
[Site "Budapest"]
[Date "2023.05.29"]
[Round "5"]
[White "Arvind, Ramnath Iyer"]
[Black "Szeberenyi, Adam"]
[Result "1/2-1/2"]
[WhiteElo "1883"]
[BlackElo "2338"]
[PlyCount "62"]
[EventDate "2023.05.27"]
[EventType "tourn"]
[EventRounds "9"]
[EventCountry "HUN"]
[SourceTitle "CBM 214 Extra"]
[Source "ChessBase"]
[SourceDate "2023.07.31"]
[SourceVersion "1"]
[SourceVersionDate "2023.07.31"]
[SourceQuality "1"]

1. e4 c5 2. Nf3 e6 3. c3 Nf6 4. e5 Nd5 5. d4 cxd4 6. cxd4 Nc6 7. Bc4 d6 8. 0-0 Be7 9. Bd2 0-0 10. Nc3 dxe5 11. dxe5 Nb6 12. Bb3 Nd7 13. Qe2 Nc5 14. Bc2 Nb4 15. Be3 Nxc2 16. Qxc2 Qd3 17. Qc1 b6 18. Bg5 f6 19. exf6 gxf6 20. Bh6 Rf7 21. Qe3 Bb7 22. Qxd3 Nxd3 23. Nd4 Nxb2 24. Nxe6 Rc8 25. Nb5 Bd5 26. Nbd4 Bb4 27. Rfc1 Rxc1+ 28. Rxc1 Re7 29. Rc8+ Kf7 30. Rf8+ Kg6 31. Rg8+ Kf7 1/2-1/2